| 000 | 00353nam a2200121Ia 4500 | ||
|---|---|---|---|
| 008 | 210430s9999 xx 000 0 und d | ||
| 082 | _a620.11 C 141 M | ||
| 100 | _a William D.Callister | ||
| 245 |
_aMaterials Science and Engineering an Introduction 8th ed _c William D.Callister |
||
| 260 |
_aUSA _bWilly _c2010 |
||
| 300 | _a885p | ||
| 942 |
_cBK _2ddc |
||
| 999 |
_c565095 _d565095 |
||